00000000nam##2200000za#4500
0019.632888
003CaOODSP
00520210624215040
007cr |||||||||||
008150407|2001||||xxc|||||o    f|0| 0 fre|d
040 |aCaOODSP|bfre
043 |an-cn---
0861 |aSW21-85/2001F-PDF
1101 |aCanada. |bCondition féminine Canada.
24510|aLes femmes des Premières nations, la gouvernance et la Loi sur les Indiens : |h[ressource électronique]|brecueil de rapports de recherche en matière de politiques / |cpar Judith F. Sayers ... [et al.].
260 |aOttawa - Ontario : |bCondition féminine Canada |c2001.
300 |a189p.
500 |aLe n° de catalogue et l'ISBN de l'édition imprimée 2001 ont été incorrectement copiés dans cette édition électronique.
504 |aBibliographie.
590 |a06-10-Supp|b2006-12-15
69107|aAutochtones|2gcpds
69107|aFemme|2gcpds
69107|aPolitique|2gcpds
69107|aRecherche|2gcpds
69107|aLignes directrices|2gcpds
7201 |aSayers, Judith F.
77508|tFirst Nations women, governance and the Indian Act : |w(CaOODSP)9.688463
7760#|tLes femmes des Premières nations, la gouvernance et la Loi sur les Indiens : |w(CaOODSP)9.681664
85640|ahttp://publications.gc.ca|qPDF|s1257 Ko|uhttps://publications.gc.ca/collections/Collection/SW21-85-2001F.pdf